[Event "I Festival A"]
[Site "Erba ITA"]
[Date "2007.02.24"]
[Round "2"]
[White "Cardani, Roberto"]
[Black "Coppola, Guido"]
[Result "1-0"]
[WhiteElo "1887"]
[BlackElo "2002"]
[PlyCount "67"]
[EventDate "2007.02.23"]

1. e4 c5 2. Nf3 d6 3. d4 cxd4 4. Nxd4 Nf6 5. Nc3 a6 6. Be3 e5 7. Nb3 Be6 8. f3
Be7 9. Qd2 Nbd7 10. g4 Nb6 11. O-O-O Nc4 12. Bxc4 Bxc4 13. g5 Nd7 14. h4 Rc8
15. Kb1 Qc7 16. Rh2 b5 17. Qf2 a5 18. Nd5 Bxd5 19. Rxd5 a4 20. Nc1 Rb8 21. Nd3
Qc4 22. b3 Qc8 23. f4 f6 24. f5 Qc6 25. Nb4 Qc3 26. Bd2 Qc8 27. Qe2 Qb7 28. Rg2
Nc5 29. gxf6 Bxf6 30. Rxd6 Nxe4 31. Re6+ Kf8 32. Nc6 Nxd2+ 33. Qxd2 Re8 34.
Rxf6+ 1-0

[Event "I Festival A"]
[Site "Erba ITA"]
[Date "2007.02.24"]
[Round "2"]
[White "Cazzaniga, Walter"]
[Black "Ljubisavljevic, Zivojin Z."]
[Result "1-0"]
[WhiteElo "2157"]
[BlackElo "2279"]
[PlyCount "90"]
[EventDate "2007.02.23"]

1. d4 Nf6 2. c4 c5 3. d5 b5 4. cxb5 a6 5. bxa6 Bxa6 6. Nc3 d6 7. Nf3 g6 8. g3
Bg7 9. Bg2 O-O 10. O-O Nbd7 11. Qc2 Qa5 12. Rd1 Rfb8 13. Rb1 Ng4 14. Bd2 Bxc3
15. Bxc3 Qxa2 16. h3 Ngf6 17. Nd2 Bxe2 18. Re1 Bc4 19. Bxf6 Nxf6 20. Nxc4 Rb4
21. Ra1 Qxa1 22. Rxa1 Rxa1+ 23. Kh2 h5 24. Bf3 Raa4 25. b3 Ra8 26. g4 hxg4 27.
hxg4 Rab8 28. Qe2 Rxb3 29. Na5 Rb2 30. Qxe7 Kg7 31. Kg3 Rc2 32. Qxd6 Rb1 33.
Qe5 Rg1+ 34. Bg2 Ra2 35. Nc4 Rc1 36. g5 Rxc4 37. gxf6+ Kh6 38. Qe8 Kg5 39. f4+
Rxf4 40. Qe3 Rxg2+ 41. Kxg2 Kf5 42. Qxf4+ Kxf4 43. d6 c4 44. d7 c3 45. d8=Q Ke3
1-0

[Event "I Festival A"]
[Site "Erba ITA"]
[Date "2007.02.24"]
[Round "2"]
[White "Ceccarini, Marco"]
[Black "Cantoro, Daniele"]
[Result "1-0"]
[WhiteElo "2050"]
[BlackElo "1933"]
[PlyCount "75"]
[EventDate "2007.02.23"]

1. e4 c5 2. Nf3 Nc6 3. d4 cxd4 4. Nxd4 Nf6 5. f3 e5 6. Nb5 d6 7. c4 Nh5 8. Be3
f5 9. exf5 Bxf5 10. Bd3 Bxd3 11. Qxd3 Be7 12. N1c3 a6 13. Na3 Nf6 14. Nc2 O-O
15. O-O Rf7 16. Rad1 Bf8 17. Ne4 Rd7 18. Bg5 Qb6+ 19. c5 Qd8 20. cxd6 Qb6+ 21.
Be3 Qd8 22. Qb3+ Kh8 23. Ng5 Qe8 24. Bc5 Rc8 25. Ne3 Nd8 26. Bb6 h6 27. Bxd8
hxg5 28. Bc7 Qh5 29. Nd5 Nxd5 30. Qxd5 Re8 31. Rfe1 g4 32. f4 g6 33. Rxe5 Qh6
34. Rxe8 Rh7 35. Rxf8+ Qxf8 36. d7 Rxd7 37. Qxd7 Qc5+ 38. Qd4+ 1-0

[Event "I Festival A"]
[Site "Erba ITA"]
[Date "2007.02.24"]
[Round "2"]
[White "Di Paolo, Raffaele"]
[Black "Raineri, Valerio"]
[Result "1-0"]
[WhiteElo "2329"]
[BlackElo "2143"]
[PlyCount "85"]
[EventDate "2007.02.23"]

1. e4 e5 2. Nf3 Nc6 3. d4 exd4 4. Nxd4 Bc5 5. Nxc6 Qf6 6. Qf3 dxc6 7. Qxf6 Nxf6
8. f3 Be6 9. Nd2 O-O-O 10. Nb3 Bb6 11. Bd2 Nd7 12. Bc3 f6 13. Nd4 Bf7 14. O-O-O
Ne5 15. Be2 Rhe8 16. b3 a6 17. f4 Ng6 18. Bg4+ Kb8 19. g3 Bc5 20. h4 Bxd4 21.
Bxd4 h6 22. h5 Ne7 23. Bc5 Nc8 24. Rxd8 Rxd8 25. Rd1 Rxd1+ 26. Bxd1 Nd6 27. Bf3
b6 28. Bf2 c5 29. c4 Be6 30. g4 Kc8 31. a4 a5 32. Bg3 Nf7 33. Kd2 Kd8 34. Ke3
Bd7 35. Be1 Ke7 36. Bc3 Be6 37. e5 f5 38. Be1 Kd7 39. Bh4 c6 40. Bd1 fxg4 41.
Ke4 Nd8 42. f5 Bf7 43. Bxg4 1-0

[Event "I Festival A"]
[Site "Erba ITA"]
[Date "2007.02.24"]
[Round "2"]
[White "Martinez, Rolly"]
[Black "Brugo, Marco"]
[Result "1-0"]
[WhiteElo "2419"]
[BlackElo "2085"]
[PlyCount "80"]
[EventDate "2007.02.23"]

1. c4 f5 2. g3 Nf6 3. Bg2 e6 4. d3 Nc6 5. a3 a5 6. Nc3 Bc5 7. e3 e5 8. Nge2 Ba7
9. Qa4 O-O 10. b4 Ng4 11. b5 Ne7 12. h3 Nxf2 13. Kxf2 f4 14. b6 Bxb6 15. c5
fxg3+ 16. Ke1 Ba7 17. Nxg3 d5 18. Rf1 Rxf1+ 19. Nxf1 Bxc5 20. Nxd5 Nxd5 21. Qc4
Be6 22. Qxc5 Qh4+ 23. Kd1 Rf8 24. Bxd5 Rxf1+ 25. Kc2 Qa4+ 26. Kc3 Rf6 27. Qc4
Qd7 28. e4 Bxd5 29. exd5 Rd6 30. Rb1 b6 31. a4 Rxd5 32. Rb5 c6 33. Rxb6 h6 34.
Rxc6 Kh7 35. Rc7 Qd6 36. Qe4+ Kg8 37. Rc8+ Kf7 38. Qf5+ Qf6 39. Rc7+ Kg8 40.
Qxf6 gxf6 1-0

[Event "I Festival A"]
[Site "Erba ITA"]
[Date "2007.02.24"]
[Round "2"]
[White "Mazzariol, Oscar"]
[Black "Orsi, Matteo"]
[Result "1-0"]
[WhiteElo "2031"]
[BlackElo "1978"]
[PlyCount "69"]
[EventDate "2007.02.23"]

1. d4 Nf6 2. c4 c5 3. d5 e6 4. Nc3 exd5 5. cxd5 d6 6. e4 g6 7. Bd3 Bg7 8. Nge2
O-O 9. f3 Na6 10. Be3 Nc7 11. Qd2 Rb8 12. Rb1 a5 13. a3 b5 14. b4 axb4 15. axb4
c4 16. Bc2 Nd7 17. Nd4 Ne5 18. f4 Nd3+ 19. Bxd3 Bxd4 20. Bxd4 cxd3 21. Qxd3 f5
22. e5 dxe5 23. Bxe5 Qh4+ 24. g3 Qe7 25. d6 Qd7 26. dxc7 Qxd3 27. cxb8=Q Be6
28. Qa7 Rf7 29. Qd4 Qf3 30. Rf1 Qg2 31. Rf2 Qh1+ 32. Ke2 Qc6 33. Qc5 Bc4+ 34.
Ke3 Qb7 35. Rd1 1-0

[Event "I Festival A"]
[Site "Erba ITA"]
[Date "2007.02.24"]
[Round "2"]
[White "Pace, Pietro Dario"]
[Black "Fossati, Remigio"]
[Result "1/2-1/2"]
[WhiteElo "2248"]
[BlackElo "2181"]
[PlyCount "119"]
[EventDate "2007.02.23"]

1. e4 c5 2. Nf3 e6 3. d3 Nc6 4. g3 d5 5. Nbd2 g6 6. Bg2 Bg7 7. O-O Nge7 8. Re1
Qc7 9. h4 h6 10. Nf1 d4 11. Bd2 e5 12. Qc1 Be6 13. a3 Rc8 14. Rb1 b6 15. N1h2
f6 16. c4 Rb8 17. b4 cxb4 18. axb4 b5 19. Qc2 O-O 20. Rec1 Rfc8 21. Ne1 Qd8 22.
Qd1 a5 23. cxb5 Rxb5 24. bxa5 Rxb1 25. Rxb1 Nxa5 26. Ng4 h5 27. Nh2 Nac6 28. g4
hxg4 29. Nxg4 Qd7 30. Bh3 Kf7 31. Ng2 Rh8 32. f4 f5 33. Nf2 Bh6 34. h5 Rg8 35.
fxe5 Bxd2 36. Qxd2 Nxe5 37. Qf4 N5c6 38. exf5 gxf5 39. Ng4 Nd5 40. Nh6+ Kf8 41.
Rb8+ Nxb8 42. Qxb8+ Qe8 43. Qxe8+ Kxe8 44. Nxg8 Bxg8 45. Bxf5 Nf6 46. Nf4 Bh7
47. Bxh7 Nxh7 48. Kg2 Kf7 49. Kg3 Kf6 50. Kg4 Ke5 51. Ng6+ Kf6 52. Kf4 Ng5 53.
Kg4 Nh7 54. Nh4 Ng5 55. Nf3 Ne6 56. Ne1 Nc5 57. Kf4 Ne6+ 58. Ke4 Kg5 59. Ng2
Nc5+ 60. Kxd4 1/2-1/2

[Event "I Festival A"]
[Site "Erba ITA"]
[Date "2007.02.24"]
[Round "2"]
[White "Rossi, Giampiero"]
[Black "Agrifoglio, Fabio"]
[Result "1-0"]
[WhiteElo "1980"]
[BlackElo "2032"]
[PlyCount "79"]
[EventDate "2007.02.23"]

1. d4 Nf6 2. c4 g6 3. g3 Bg7 4. Bg2 O-O 5. Nc3 c6 6. Nf3 d5 7. cxd5 Nxd5 8. e4
Nxc3 9. bxc3 Qa5 10. Qd2 Rd8 11. O-O e5 12. Rd1 Bg4 13. Bb2 exd4 14. cxd4 Qh5
15. Qe3 Na6 16. Qb3 Rd7 17. Rd3 Rad8 18. Rad1 Be6 19. Qa4 Nc5 20. Qxa7 Nxd3 21.
Rxd3 Qb5 22. Qa3 Bc4 23. Rd2 Bh6 24. Rc2 Bf8 25. Qc3 Bxa2 26. d5 f6 27. Qxf6
Bg7 28. Qe6+ Kh8 29. Bxg7+ Rxg7 30. Qf6 Re8 31. Rb2 Qa6 32. Bf1 Bc4 33. Bxc4
Qxc4 34. Rxb7 Reg8 35. Ne5 Qc1+ 36. Kg2 h6 37. Nxg6+ Kh7 38. Nf8+ Kh8 39. Rxg7
Rxg7 40. Ne6 1-0

[Event "I Festival A"]
[Site "Erba ITA"]
[Date "2007.02.24"]
[Round "2"]
[White "Sironi, Roberto"]
[Black "Annoni, Riccardo"]
[Result "0-1"]
[WhiteElo "1942"]
[BlackElo "2065"]
[PlyCount "84"]
[EventDate "2007.02.23"]

1. d4 d5 2. Nf3 Nf6 3. Bf4 c6 4. e3 Bg4 5. Nbd2 e6 6. Bd3 Bd6 7. Bxd6 Qxd6 8.
O-O Nbd7 9. c4 O-O 10. Qc2 h6 11. a3 Rac8 12. c5 Qc7 13. b4 e5 14. Bf5 e4 15.
Bxd7 Nxd7 16. Ne1 Be2 17. g3 Bxf1 18. Kxf1 f5 19. Ng2 g5 20. Ke2 Rf7 21. h3 Nf6
22. Rh1 a5 23. Nb3 axb4 24. axb4 Rcf8 25. Ra1 Nh5 26. Ke1 f4 27. exf4 gxf4 28.
g4 Ng7 29. Nd2 Ne6 30. Qb2 Qe7 31. Nf1 Ng5 32. Qb3 Qf6 33. Nh4 Ne6 34. Nf5 Nxd4
35. Nxd4 Qxd4 36. Rd1 Qe5 37. Nd2 Kg7 38. Qb1 Qc3 39. Qb3 Qe5 40. Qb1 f3 41.
Nf1 Qc3+ 42. Rd2 Ra8 0-1

[Event "I Festival A"]
[Site "Erba ITA"]
[Date "2007.02.24"]
[Round "2"]
[White "Virzi, Ettore"]
[Black "Piemonti, Carlo"]
[Result "1-0"]
[WhiteElo "1952"]
[BlackElo "2047"]
[PlyCount "45"]
[EventDate "2007.02.23"]

1. e4 c5 2. Nf3 d6 3. d4 cxd4 4. Nxd4 Nf6 5. Nc3 Nc6 6. Bg5 e6 7. Qd2 a6 8.
O-O-O h6 9. Nxc6 bxc6 10. Bf4 d5 11. Qe3 Be7 12. Be2 Qa5 13. Qg3 g6 14. Bc7 Qb4
15. Be5 Rg8 16. Rd4 Qb7 17. exd5 cxd5 18. Rhd1 Nd7 19. Nxd5 exd5 20. Rxd5 Nxe5
21. Rxe5 Rb8 22. Rxe7+ Kxe7 23. Qd6+ 1-0

[Event "I Festival A"]
[Site "Erba ITA"]
[Date "2007.02.24"]
[Round "3"]
[White "Agrifoglio, Fabio"]
[Black "Orsi, Matteo"]
[Result "0-1"]
[WhiteElo "2032"]
[BlackElo "1978"]
[PlyCount "148"]
[EventDate "2007.02.23"]

1. d4 d6 2. Nf3 Nf6 3. c4 g6 4. Nc3 Bg7 5. e4 Nbd7 6. h3 e5 7. Be3 c6 8. dxe5
dxe5 9. Qd6 Qe7 10. Qc7 O-O 11. Rd1 Qb4 12. Bd2 Ne8 13. Nd5 Qxd2+ 14. Nxd2 Nxc7
15. Nxc7 Rb8 16. b4 Bf6 17. c5 Bd8 18. Nd5 cxd5 19. exd5 Nf6 20. Nc4 Bd7 21.
Ne3 Ne4 22. Rc1 Rc8 23. Bd3 Nf6 24. O-O Nh5 25. Rfe1 f5 26. c6 bxc6 27. Ba6 Rb8
28. dxc6 Bxc6 29. Rxc6 Rxb4 30. Nd5 Re4 31. Rxe4 fxe4 32. Bc4 Kg7 33. Nc7 Nf4
34. Kh2 Kh6 35. g3 Nd3 36. Ne6 Rxf2+ 37. Kg1 Bb6 38. Rxb6 axb6 39. Bxd3 Rxa2
40. Bxe4 b5 41. h4 b4 42. Bd5 Rd2 43. Be4 b3 44. Ng5 b2 45. Nf7+ Kg7 46. Nxe5
Re2 47. Nc4 Rxe4 48. Nxb2 Re2 49. Nc4 Kf6 50. Kf1 Ra2 51. Ne3 Ke5 52. Ng4+ Ke4
53. h5 g5 54. Nf6+ Kf3 55. Ke1 Kxg3 56. Nxh7 g4 57. Nf6 Kh4 58. h6 Ra8 59. h7
Rh8 60. Ke2 Kg5 61. Ne4+ Kf4 62. Nf6 Kf5 63. Nd5 Rxh7 64. Kf2 Rh2+ 65. Kg3 Rh3+
66. Kg2 Ra3 67. Kf2 g3+ 68. Kg2 Kg4 69. Nf6+ Kh4 70. Ne4 Ra2+ 71. Kf1 Kh3 72.
Ng5+ Kh2 73. Nf3+ Kh1 74. Nh4 g2+ 0-1

[Event "I Festival A"]
[Site "Erba ITA"]
[Date "2007.02.24"]
[Round "3"]
[White "Annoni, Riccardo"]
[Black "Martinez, Rolly"]
[Result "0-1"]
[WhiteElo "2065"]
[BlackElo "2419"]
[PlyCount "86"]
[EventDate "2007.02.23"]

1. e4 c5 2. Nc3 Nc6 3. g3 g6 4. d3 Bg7 5. Be3 d6 6. Bg2 Rb8 7. Qd2 b5 8. Nd1 h5
9. h3 b4 10. f4 e5 11. Nf3 Nge7 12. O-O Nd4 13. fxe5 Nxf3+ 14. Rxf3 Bxe5 15. d4
cxd4 16. Bxd4 Nc6 17. Bxe5 Nxe5 18. Rf2 Be6 19. Ne3 Qb6 20. Rd1 Rd8 21. Kh2 a5
22. b3 Qc5 23. Qd4 Ke7 24. Rfd2 Rd7 25. Qxc5 dxc5 26. Rxd7+ Nxd7 27. Nd5+ Bxd5
28. exd5 Kd6 29. c4 Re8 30. Bf1 Re3 31. Kg2 Ne5 32. Kf2 Rf3+ 33. Kg2 Rc3 34.
Rd2 a4 35. Rb2 a3 36. Rf2 f5 37. Rd2 Nf3 38. Rf2 Nd4 39. g4 h4 40. gxf5 gxf5
41. Be2 Rg3+ 42. Kh2 Nxb3 43. Rxf5 Nd4 0-1

[Event "I Festival A"]
[Site "Erba ITA"]
[Date "2007.02.24"]
[Round "3"]
[White "Bernasconi, Roberto"]
[Black "Piazza, Angelo"]
[Result "1-0"]
[WhiteElo "1935"]
[BlackElo "2008"]
[PlyCount "57"]
[EventDate "2007.02.23"]

1. e4 Nf6 2. e5 Nd5 3. d4 d6 4. Bc4 c6 5. Qe2 dxe5 6. dxe5 g6 7. Bd2 Bg7 8. Nc3
O-O 9. Rd1 Nxc3 10. Bxc3 Qc7 11. h3 b5 12. Bd3 a5 13. Nf3 b4 14. Bd2 Na6 15.
Qe3 e6 16. O-O Bb7 17. Rfe1 c5 18. Ng5 Bd5 19. c4 bxc3 20. Bxc3 Nb4 21. a3 Nxd3
22. Rxd3 a4 23. f4 Rfd8 24. Red1 c4 25. Rxd5 Rxd5 26. Rxd5 exd5 27. e6 Qa7 28.
exf7+ Kf8 29. Bb4+ 1-0

[Event "I Festival A"]
[Site "Erba ITA"]
[Date "2007.02.24"]
[Round "3"]
[White "Bozzali, Ermanno"]
[Black "Sironi, Roberto"]
[Result "1-0"]
[WhiteElo "2062"]
[BlackElo "1942"]
[PlyCount "45"]
[EventDate "2007.02.23"]

1. e4 e6 2. d4 d5 3. Nc3 Nf6 4. e5 Nfd7 5. f4 c5 6. Nf3 Nc6 7. Be3 a6 8. Qd2 b5
9. dxc5 Nxc5 10. Qf2 Nd7 11. Bd3 Bb4 12. O-O Bb7 13. Ne2 h6 14. Ned4 Rc8 15.
Qg3 g6 16. Nxe6 fxe6 17. Qxg6+ Kf8 18. f5 Bc5 19. Nd4 Qe8 20. fxe6+ Ke7 21.
Rf7+ Kd8 22. Rxd7+ Qxd7 23. exd7 1-0

[Event "I Festival A"]
[Site "Erba ITA"]
[Date "2007.02.24"]
[Round "3"]
[White "Brugo, Marco"]
[Black "Rossi, Giampiero"]
[Result "1/2-1/2"]
[WhiteElo "2085"]
[BlackElo "1980"]
[PlyCount "145"]
[EventDate "2007.02.23"]

1. d4 d5 2. c4 e6 3. Nc3 c6 4. e3 Nf6 5. Nf3 Nbd7 6. Bd3 Be7 7. O-O O-O 8. e4
dxe4 9. Nxe4 b6 10. Qe2 Bb7 11. Rd1 Qc7 12. Bg5 Rfe8 13. c5 bxc5 14. dxc5 Nxc5
15. Nxc5 Bxc5 16. Bxf6 gxf6 17. Bxh7+ Kxh7 18. Qc2+ Kg7 19. Qxc5 Qb6 20. Qc3
Rad8 21. Nd2 c5 22. Qg3+ Kf8 23. Nc4 Rxd1+ 24. Rxd1 Rd8 25. Rxd8+ Qxd8 26. Qd6+
Qxd6 27. Nxd6 Bd5 28. b3 a6 29. f3 f5 30. Kf2 Ke7 31. Nc8+ Kf6 32. Nb6 Bc6 33.
Ke3 e5 34. f4 exf4+ 35. Kxf4 Ke6 36. g3 f6 37. h4 Be8 38. Nc4 Bf7 39. Ne3 Bg6
40. a3 Bf7 41. Nxf5 Kd7 42. b4 cxb4 43. axb4 Kc6 44. g4 Kd7 45. h5 Ke6 46. Ng7+
Ke7 47. Kf5 Bb3 48. Kg6 Bf7+ 49. Kh7 Kf8 50. Nf5 Be8 51. Nd6 Bd7 52. Kg6 Bxg4
53. h6 Bd1 54. Kxf6 Kg8 55. Nf5 Kh7 56. Kg5 Be2 57. Ne3 Bd3 58. Nd5 Bf1 59.
Nf6+ Kh8 60. Kf4 Bc4 61. Ke5 Be2 62. Kd6 Bf1 63. Kc5 Be2 64. Kb6 Bf1 65. Nd7
Kh7 66. Nc5 Kxh6 67. Nxa6 Kg6 68. Nc5 Kf7 69. Ne4 Ke7 70. Nd2 Be2 71. Kc5 Kd7
72. b5 Bxb5 73. Kxb5 1/2-1/2

[Event "I Festival A"]
[Site "Erba ITA"]
[Date "2007.02.24"]
[Round "3"]
[White "Cazzaniga, Walter"]
[Black "Cardani, Roberto"]
[Result "1-0"]
[WhiteElo "2157"]
[BlackElo "1887"]
[PlyCount "81"]
[EventDate "2007.02.23"]

1. d4 Nf6 2. c4 e6 3. Nf3 d5 4. Nc3 c6 5. e3 Nbd7 6. Bd3 dxc4 7. Bxc4 b5 8. Bd3
a6 9. e4 c5 10. e5 cxd4 11. Nxb5 axb5 12. exf6 gxf6 13. O-O Qb6 14. Be4 Bb7 15.
Bxb7 Qxb7 16. Nxd4 Rg8 17. f3 Bc5 18. Be3 h5 19. Qb3 Qb6 20. Rad1 Ne5 21. Kh1
b4 22. Rfe1 h4 23. h3 Rd8 24. Nc2 Rxd1 25. Rxd1 Bxe3 26. Nxe3 Ke7 27. f4 Nc6
28. Re1 Kf8 29. Ng4 Rg6 30. Qf3 f5 31. Ne5 Nxe5 32. fxe5 Qd4 33. b3 Kg7 34. Qe3
Qb2 35. Re2 Qa1+ 36. Kh2 Qf1 37. Rf2 Rg3 38. Qd2 Qa1 39. Qf4 Qe1 40. Qxh4 Rxh3+
41. gxh3 1-0

[Event "I Festival A"]
[Site "Erba ITA"]
[Date "2007.02.24"]
[Round "3"]
[White "Ceccarini, Marco"]
[Black "Virzi, Ettore"]
[Result "1/2-1/2"]
[WhiteElo "2050"]
[BlackElo "1952"]
[PlyCount "67"]
[EventDate "2007.02.23"]

1. e4 e5 2. d4 exd4 3. Qxd4 Nc6 4. Qe3 Nf6 5. Bd2 Be7 6. Nc3 d5 7. exd5 Nxd5 8.
Nxd5 Qxd5 9. Ne2 O-O 10. Nc3 Qd4 11. O-O-O Bf6 12. Bb5 Be6 13. Bxc6 Qxe3 14.
Bxe3 Bxc3 15. Bd5 Be5 16. Bxe6 fxe6 17. f3 Rad8 18. h3 b6 19. c4 c5 20. b3 Bd4
21. Bxd4 cxd4 22. Rhe1 Rfe8 23. f4 g5 24. g3 Kg7 25. Re4 gxf4 26. gxf4 d3 27.
Kd2 Kf6 28. Ke3 Rg8 29. Kf3 d2 30. Re3 Rd4 31. Re2 Rd3+ 32. Ke4 Rgd8 33. Re3
R3d4+ 34. Kf3 1/2-1/2

[Event "I Festival A"]
[Site "Erba ITA"]
[Date "2007.02.24"]
[Round "3"]
[White "Coppola, Guido"]
[Black "Astengo, Marcello"]
[Result "1-0"]
[WhiteElo "2002"]
[BlackElo "2072"]
[PlyCount "89"]
[EventDate "2007.02.23"]

1. e4 e6 2. d4 d5 3. e5 c5 4. c3 Nc6 5. Nf3 Bd7 6. a3 Rc8 7. b4 cxd4 8. cxd4
Nge7 9. Bd3 Qb6 10. Be3 Nb8 11. O-O Bb5 12. Re1 Nd7 13. Qd2 Bc4 14. Nc3 Qa6 15.
b5 Qb6 16. a4 Qd8 17. Rac1 Bxd3 18. Qxd3 Nf5 19. Bg5 Be7 20. Bxe7 Nxe7 21. Nd2
O-O 22. Nb3 Ng6 23. g3 Qe7 24. Na5 Nb6 25. Nb3 Nc4 26. Nc5 Ngxe5 27. Qe2 Rfd8
28. f4 b6 29. Nxe6 fxe6 30. fxe5 Na5 31. Qg4 Nb3 32. Nxd5 Qf7 33. Rxc8 Rxc8 34.
Rf1 Rc1 35. Rxc1 Nxc1 36. Nf4 Qf5 37. Qxf5 exf5 38. d5 Nb3 39. Kf2 Nc5 40. Ke3
Nxa4 41. Kd4 Nc5 42. e6 Kf8 43. Nd3 Nb7 44. Ke5 Ke7 45. Nb4 1-0

[Event "I Festival A"]
[Site "Erba ITA"]
[Date "2007.02.24"]
[Round "3"]
[White "Fossati, Remigio"]
[Black "Di Paolo, Raffaele"]
[Result "1/2-1/2"]
[WhiteElo "2181"]
[BlackElo "2329"]
[PlyCount "115"]
[EventDate "2007.02.23"]

1. d4 Nf6 2. c4 g6 3. Nc3 Bg7 4. e4 d6 5. Nf3 O-O 6. Be2 e5 7. O-O Nc6 8. d5
Ne7 9. Nd2 a5 10. a3 Nd7 11. Rb1 f5 12. b4 Kh8 13. f3 Ng8 14. Qc2 Ngf6 15. Nb5
axb4 16. axb4 Nh5 17. g3 Ndf6 18. c5 Nxg3 19. hxg3 Nh5 20. Rf2 Nxg3 21. Nf1 Nh5
22. cxd6 cxd6 23. Qc7 Nf4 24. Qxd8 Rxd8 25. Kh2 Ra2 26. Rb2 Rxb2 27. Bxb2 Bf6
28. Bc4 Be7 29. Nc7 Rf8 30. b5 Rf6 31. Ne3 fxe4 32. fxe4 g5 33. Bf1 g4 34. Nf5
Bxf5 35. Rxf4 exf4 36. exf5 Kg8 37. Bxf6 Bxf6 38. Ne6 Be5 39. b6 f3+ 40. Kh1
Bf6 41. Kh2 Bh4 42. f6 Bxf6 43. Kg3 h5 44. Ba6 Bc3 45. Kf2 Ba5 46. Bxb7 Bxb6+
47. Kg3 Kh7 48. Nf4 Kh6 49. Bc8 Kg5 50. Ne6+ Kh6 51. Nf4 Be3 52. Ne6 Bd2 53.
Ba6 Kg6 54. Nd4 Be1+ 55. Kf4 Kf6 56. Nxf3 gxf3 57. Kxf3 Ke5 58. Bb7 1/2-1/2

[Event "I Festival A"]
[Site "Erba ITA"]
[Date "2007.02.24"]
[Round "3"]
[White "Gagliardi, Christian"]
[Black "Bonarrigo, Marco"]
[Result "1-0"]
[WhiteElo "2112"]
[BlackElo "2039"]
[PlyCount "97"]
[EventDate "2007.02.23"]

1. e4 e6 2. d3 c5 3. Nf3 Nc6 4. g3 g6 5. Bg2 Bg7 6. O-O Nge7 7. Re1 O-O 8. a4
d6 9. Na3 Re8 10. c3 e5 11. Nc4 h6 12. Be3 b6 13. Qd2 Kh7 14. d4 Ba6 15. b3
Bxc4 16. bxc4 Na5 17. Qa2 Rc8 18. Rac1 Qd7 19. h4 Qb7 20. d5 Rf8 21. h5 gxh5
22. Bh3 Rc7 23. Nh4 Qa6 24. Qe2 Qxc4 25. Qxh5 Ng8 26. Bf5+ Kh8 27. Nf3 Qxa4 28.
g4 Nc4 29. Bg5 Qe8 30. Kg2 f6 31. Bg6 Qd8 32. Be3 Nxe3+ 33. Rxe3 f5 34. Bxf5
Qe8 35. Qh4 Bf6 36. Qh3 Qe7 37. Rh1 Bg5 38. Re2 Kg7 39. Qh5 Rf7 40. Qg6+ Kf8
41. Nxg5 hxg5 42. Rh8 Rg7 43. Qh6 Ke8 44. Be6 Qf8 45. Qh5+ Kd8 46. Re3 Rce7 47.
Rf3 Qe8 48. Qh1 Qa4 49. Bxg8 1-0

[Event "I Festival A"]
[Site "Erba ITA"]
[Date "2007.02.24"]
[Round "3"]
[White "Ljubisavljevic, Zivojin Z."]
[Black "Pace, Pietro Dario"]
[Result "1/2-1/2"]
[WhiteElo "2279"]
[BlackElo "2248"]
[PlyCount "159"]
[EventDate "2007.02.23"]

1. d4 d5 2. c3 Nf6 3. Bg5 Ne4 4. h4 c5 5. e3 h6 6. Bf4 Nc6 7. f3 Nf6 8. Bd3 e6
9. Ne2 Bd6 10. Bxd6 Qxd6 11. f4 Bd7 12. Ng1 cxd4 13. cxd4 Nb4 14. Nc3 Nxd3+ 15.
Qxd3 Ne4 16. Nge2 Bc6 17. Nxe4 dxe4 18. Qc2 O-O 19. Nc3 b5 20. a3 a5 21. Nxe4
Qd5 22. Ng3 Rfc8 23. O-O Qd8 24. h5 f5 25. Rac1 Bd5 26. Qf2 b4 27. e4 fxe4 28.
Qe3 Rxc1 29. Rxc1 Rc8 30. Rc5 Rxc5 31. dxc5 Qf6 32. axb4 axb4 33. Qd2 e3 34.
Qxb4 Qh4 35. Qe1 Qxf4 36. Nf1 Qd4 37. Nxe3 Qxc5 38. Qc3 Qb6 39. Qe5 Bb7 40. Kh2
Kh8 41. Ng4 Qc6 42. Qg3 Qe8 43. Qe5 Qc6 44. Ne3 Qb6 45. Kh3 Qc6 46. b4 Ba6 47.
Qb8+ Kh7 48. Qf4 Bb7 49. Qc4 Qe8 50. Qg4 Bc8 51. Qe4+ Kh8 52. Qe5 Bb7 53. b5
Kh7 54. Nc4 Bd5 55. Nd6 Qa8 56. Qg3 Qa1 57. Kh2 Qb2 58. Qg6+ Kg8 59. Nf7 Kf8
60. Nxh6 Qe5+ 61. Kh1 gxh6 62. Qxh6+ Ke7 63. Qg6 Be4 64. Qg4 Bf5 65. Qb4+ Qd6
66. Qa4 Qc5 67. Qb3 Qc1+ 68. Kh2 Qf4+ 69. Qg3 Qd4 70. h6 Qf6 71. Qc7+ Kf8 72.
Qc5+ Kg8 73. Qe3 Qh4+ 74. Kg1 Kh7 75. b6 Be4 76. b7 Qg4 77. Qxe4+ Qxe4 78. b8=Q
Qe1+ 79. Kh2 Qh4+ 80. Kg1 1/2-1/2

[Event "I Festival A"]
[Site "Erba ITA"]
[Date "2007.02.24"]
[Round "3"]
[White "Raineri, Valerio"]
[Black "Brunetti, Alessandro"]
[Result "1-0"]
[WhiteElo "2143"]
[BlackElo "2005"]
[PlyCount "75"]
[EventDate "2007.02.23"]

1. e4 e6 2. Qe2 Be7 3. f4 d5 4. d3 c5 5. Nf3 Nc6 6. g3 Qc7 7. e5 h5 8. Bh3 Nh6
9. c3 a6 10. Nbd2 b5 11. O-O Qa7 12. Re1 g6 13. Nf1 d4 14. cxd4 cxd4 15. N1d2
Nf5 16. Ne4 Nb4 17. a3 Nd5 18. Bd2 Bb7 19. Rac1 O-O 20. Bxf5 exf5 21. Neg5 Rac8
22. h3 Qb6 23. g4 hxg4 24. hxg4 Bxg5 25. Nxg5 f6 26. exf6 Qxf6 27. Qh2 Qh8 28.
Qxh8+ Kxh8 29. Ne6 Rxc1 30. Rxc1 Rf6 31. Nd8 Ba8 32. Rc8 Nb6 33. Rb8 Kg7 34.
Ba5 fxg4 35. Bxb6 Rd6 36. Bxd4+ Kh7 37. Be5 Rxd3 38. Rxa8 1-0

[Event "I Festival A"]
[Site "Erba ITA"]
[Date "2007.02.24"]
[Round "3"]
[White "Rigo, Gianfrancesco"]
[Black "Mazzariol, Oscar"]
[Result "1-0"]
[WhiteElo "2055"]
[BlackElo "2031"]
[PlyCount "51"]
[EventDate "2007.02.23"]

1. e4 d6 2. d4 Nf6 3. Nc3 g6 4. f4 Bg7 5. Nf3 c6 6. Bd3 b5 7. a3 a6 8. O-O O-O
9. Qe1 Nfd7 10. e5 f6 11. exd6 exd6 12. f5 Re8 13. Qg3 g5 14. Qxd6 Bb7 15. Bd2
c5 16. d5 c4 17. Be4 Bf8 18. Qg3 Nc5 19. Rae1 Nxe4 20. Nxe4 Bxd5 21. Nxf6+ Qxf6
22. Rxe8 Nd7 23. Rxa8 Bxa8 24. Bxg5 Qxf5 25. Nh4 Qxc2 26. Bh6+ 1-0

[Event "I Festival A"]
[Site "Erba ITA"]
[Date "2007.02.24"]
[Round "3"]
[White "Salvador, Roland"]
[Black "Borgo, Giulio"]
[Result "0-1"]
[WhiteElo "2450"]
[BlackElo "2417"]
[PlyCount "136"]
[EventDate "2007.02.23"]

1. d4 d5 2. Nf3 a6 3. g3 Nf6 4. Bg2 c6 5. O-O Bf5 6. c4 e6 7. Nc3 h6 8. Qb3 b5
9. c5 Nbd7 10. a4 Be7 11. Bf4 O-O 12. Ne5 Nxe5 13. Bxe5 Nd7 14. e4 Nxe5 15.
exf5 Nc4 16. Rfe1 e5 17. dxe5 Bxc5 18. Qc2 b4 19. Nxd5 cxd5 20. Rad1 b3 21. Qe2
Qb6 22. Bxd5 Nxe5 23. a5 Qa7 24. Bxa8 Rxa8 25. Qxe5 Bxf2+ 26. Kg2 Bxe1 27. Rxe1
Rc8 28. Re2 Qb7+ 29. Kh3 Qf3 30. Qe4 Qf1+ 31. Kg4 Qc1 32. Qe3 Qc4+ 33. Kf3 Qb5
34. Qe5 Rc5 35. Qe8+ Qxe8 36. Rxe8+ Kh7 37. Kg4 Rc2 38. Ra8 Rc6 39. Rb8 Rc4+
40. Kf3 Rc5 41. Ke4 Rxa5 42. Rxb3 f6 43. Rb6 Re5+ 44. Kd4 a5 45. g4 h5 46. h3
hxg4 47. hxg4 Kh6 48. Rb7 Re2 49. Kc5 Re4 50. Kb5 Rxg4 51. Kxa5 Rf4 52. Rb6 Kg5
53. Rb5 Rxf5 54. b4 Rxb5+ 55. Kxb5 f5 56. Kc6 f4 57. b5 f3 58. b6 f2 59. b7
f1=Q 60. b8=Q Qc4+ 61. Kd7 Qf7+ 62. Kc6 Qe6+ 63. Kc5 Qf5+ 64. Kc6 Qe4+ 65. Kc5
Kg4 66. Qh2 Qe3+ 67. Kd5 Qg5+ 68. Ke4 Qf5+ 0-1

[Event "I Festival A"]
[Site "Erba ITA"]
[Date "2007.02.25"]
[Round "4"]
[White "Astengo, Marcello"]
[Black "Agrifoglio, Fabio"]
[Result "0-1"]
[WhiteElo "2072"]
[BlackElo "2032"]
[PlyCount "74"]
[EventDate "2007.02.23"]

1. d4 e6 2. c4 c5 3. d5 exd5 4. cxd5 d6 5. Nc3 Nf6 6. e4 g6 7. Bd3 Bg7 8. h3
O-O 9. Nf3 Na6 10. O-O Nc7 11. Bf4 b5 12. Re1 a6 13. Qd2 Re8 14. Rad1 Bb7 15.
Bb1 b4 16. Na4 Nb5 17. Bg5 Qa5 18. b3 Nd7 19. Qf4 Ne5 20. Bf6 Nxf3+ 21. Qxf3
Nd4 22. Qf4 Qc7 23. h4 Bxf6 24. Qxf6 Qe7 25. Qf4 Rad8 26. Nb6 Nb5 27. Na4 Qe5
28. Qxe5 Rxe5 29. Bd3 Rde8 30. Nb6 Nc3 31. Rc1 Bxd5 32. Nd7 R5e6 33. Bxa6 Bc6
34. Nb6 Rxe4 35. Rxe4 Rxe4 36. g3 c4 37. Bxc4 Rxc4 0-1